000 00593nam a2200205Ia 4500
005 20250508165426.0
008 008 250505s9999 xx 000 0 hin d
020 _a978-93-5000-507-1
037 _aTextual
040 _aFEDL
_beng
_cFEDL
041 _ahin
_2hin
084 _a891.43, ORS
_qFEDL
100 _aOrsini Francesca
245 0 _aHindi ka lokvrit 1920-1940: Rashtravd ke yug mein bhasha aur sahitya
260 _aNew Delhi, India
_bVani Prakashan
_c2011
300 _a576p.
365 _aINR
_b700
942 _cTEXL
_h891.43, ORS
999 _c1395041
_d1395041